| 000 | 01058nam a2200289Ia 4500 | ||
|---|---|---|---|
| 005 | 20220317001848.0 | ||
| 008 | 170410s2008 s g 000 0 s | ||
| 020 | _a9788481649024 (rústica) | ||
| 041 | _aspa | ||
| 082 | 0 | 4 |
_a150.1954 _bJ85a |
| 100 | 1 |
_aJung, Carl Gustav _d1875-1961 |
|
| 245 | 1 | 0 |
_aAcerca de la psicología de la religión occidental y de la religión oriental _cC.G. Jung ; traducción de Rafael Fernández de Maruri |
| 250 | _a1a. edición | ||
| 300 |
_a692 páginas _c23 cm |
||
| 490 | _aObra completa | ||
| 500 | _aIncluye bibliografía, índice onomástico y de materias | ||
| 534 | _tZur psychologie westlicher und östlicher religion | ||
| 650 | 1 | 4 |
_2LEMB _aReligión _vAspectos psicológicos |
| 650 | 1 | 4 |
_2LEMB _aPsicología de la religión |
| 700 | 1 |
_aFernández de Maruri, Rafael _etraductor _978082 |
|
| 942 |
_2ddc _cBK |
||
| 264 |
_aMadrid _bTrotta _c2008 |
||
| 336 |
_atexto _btxt _2rdacontent |
||
| 337 |
_asin mediación _bn _2rdamedia |
||
| 338 |
_avolumen _bnc _2rdacarrier |
||
| 040 |
_aCO-BoRNBP _bspa _erda _cCO-BoRNBP |
||
| 999 |
_c8343 _d8343 |
||